Ciudades hispanohablantes por imagen - Estadísticas

Estadísticas generales
  • Esta prueba ha sido intentada 1.869 veces
  • La puntuación promedio es 6 de 14
Estadísticas de respuestas
Imagen Respuesta % Correcto
Madrid
92%
Barcelona
85%
Buenos Aires
82%
Santiago
62%
Lima
60%
Bogotá
59%
Ciudad de México
47%
Valencia
39%
Caracas
30%
Medellín
25%
Ciudad de Panamá
21%
Guadalajara
18%
Monterrey
10%
Santo Domingo
10%
No se encontraron pruebas coincidentes
Distribución de puntuación
Porcentaje de gente con cada puntuación
Porcentaje por número respondido
Historial de tus puntuaciones
No has intentado esta prueba.